000 00692cam a2200253 4500
008 090401t1996 xxu||||| |||| 00| 0 eng d
020 _a0117531804
035 _a(Sirsi) u71882
041 _aeng
050 _a551.302
110 _aUnited Kingdom
_bDepartment of the Environment
_9982
245 _aLandslide investigation and management in Great Britain : a guide for planners and developers.
260 _aLondon
_bHMSO
_c1996
300 _aviii,119p. : ill. ; 30cm .
350 _a28
650 _aDEVELOPMENT LAND
650 _aLANDSLIDES
650 _aLANDSLIPS
650 _aPLANNING
650 _aUNSTABLE LAND
690 _aLAND
942 _n0
948 _c04/03/1997
999 _c95455
_d95455